000 01518cam a22002054a 4500
005 20250605163941.0
008 250528s ||||||||||||||||||||||||d
035 _a15043
020 _a273615602
040 _aGR-AtMCL
_bgre
_dGR-AtMCL
_eAACR2
245 1 _aAccounting in the Business Environment / Second Edition
250 _a2nd
260 _bPitman Publishing,
_c1996
300 _a818
520 _aThe growing need for a more relevant approach to accounting in the modern world. Preface, The Origins of Modern Accounting, Accounting Profit - The Basic Issues, Accounting Profit - Application and Implications, The Generation and Recording of Financial Data, Introduction to Computerized Accounting, Measuring Profit - Different Assumptions and Different Conclusions, Financial Reporting - Approaches to Regulation, Financial Reporting - The UK and the European Union, Financial Reporting - Group Activities, Financial Reporting - Multinational Enterprises, Financial Reporting - Funds and Cashflow, Financial Reporting - The Impact of Inflation, Financial Reporting - Detailed Issues, Interpreting Company Accounts, Forecasting Company Failure, Accounting Within Organizations, Pricing and Output Decisions, Accounting Planning and Control Systems, Accounting and Organizations and Behavior, Strategic Management Accounting and the Capital Budgeting Decision, Divisional Performance and Transfer Pricing, Solutions, Index.
700 1 _aWatts John
_9879
942 _cBK
999 _c646
_d646